MLB The Show 25 99 Overall Cards - Statistics

General Stats
  • This quiz has been taken 145 times
  • The average score is 15 of 50
Answer Stats
Team Pos Player % Correct
New York Yankees RF Aaron Judge
93%
Los Angeles Dodgers DH Shohei Ohtani
60%
Atlanta Braves RF Ronald Acuna Jr.
58%
Kansas City Royals C Salvador Perez
56%
Baltimore Orioles SS Gunnar Henderson
52%
Seattle Mariners C Cal Raleigh
48%
Cleveland Guardians 3B Jose Ramirez
47%
Arizona Diamondbacks 2B Ketel Marte
46%
Boston Red Sox LF Manny Ramirez
45%
Athletics 1B Nick Kurtz
45%
Seattle Mariners CF Ken Griffey Jr.
37%
Los Angeles Dodgers SP Clayton Kershaw
36%
Boston Red Sox LF Jarren Duran
36%
San Francisco Giants SS Willy Adames
36%
New York Mets CF Carlos Beltran
34%
Toronto Blue Jays RF George Springer
34%
Toronto Blue Jays RF Jose Bautista
34%
Philadelphia Phillies LF Kyle Schwarber
34%
Philadelphia Phillies 3B Scott Rolen
34%
Boston Red Sox SP Roger Clemens
33%
Atlanta Braves CF Michael Harris II
31%
Athletics C Shea Langeliers
31%
New York Yankees SP CC Sabathia
30%
Chicago Cubs 2B Ryne Sandberg
30%
Houston Astros CP Billy Wagner
29%
Philadelphia Phillies 2B Chase Utley
29%
Boston Red Sox LF Ted Williams
29%
Philadelphia Phillies SS Jimmy Rollins
28%
Los Angeles Dodgers 1B Gil Hodges
26%
Los Angeles Angels C Mike Napoli
24%
Pittsburgh Pirates RF Dave Parker
23%
St. Louis Cardinals C Ted Simmons
23%
Milwaukee Brewers SP Corbin Burnes
22%
Athletics 1B Mark McGwire
22%
Cleveland Guardians SP Corey Kluber
21%
Colorado Rockies SP Ubaldo Jimenez
20%
Milwaukee Brewers CF Jackson Chourio
19%
Los Angeles Dodgers SP Tyler Glasnow
19%
Philadelphia Phillies 3B Dick Allen
18%
Colorado Rockies SS Ethan Holliday
17%
Atlanta Braves RF David Justice
16%
Milwaukee Brewers SS Robin Yount
16%
Minnesota Twins 2B Rod Carew
16%
Cincinnati Reds LF Eric Davis
15%
St. Louis Cardinals 3B Joe Torre
15%
Boston Red Sox SP Clay Buchholz
13%
Free Agent SP Cy Young
13%
Minnesota Twins CF Torii Hunter
12%
Washington Nationals SS Eli Willits
10%
Washington Nationals RF Larry Walker
10%
No matching quizzes found
Score Distribution
Percent of People with Each Score
Percentile by Number Answered
Your Score History
You have not taken this quiz